[Event "Titled Tuesday intern op 02nd Apr Early"]
[Site "Chess.com INT"]
[Date "2024.04.02"]
[Round "3"]
[White "Stankovic, Ivan G"]
[Black "Bellahcene, Bilel"]
[Result "0-1"]
[WhiteElo "2294"]
[BlackElo "2519"]
[PlyCount "116"]
[EventDate "2024.04.02"]
[EventType "swiss (blitz)"]
[EventRounds "11"]
[EventCountry "USA"]
[SourceTitle "CB15_2024"]
[SourceDate "2024.04.10"]
[SourceVersion "1"]
[SourceVersionDate "2024.04.10"]
[SourceQuality "1"]

1. e4 c5 2. c4 Nc6 3. Nc3 g6 4. g3 Bg7 5. Bg2 d6 6. Nge2 Nf6 7. d3 0-0 8. Rb1 a6 9. a3 Rb8 10. b4 b6 11. 0-0 Nd7 12. Be3 Nd4 13. h3 Bb7 14. Qd2 Bc6 15. Bh6 Nxe2+ 16. Nxe2 e5 17. Bxg7 Kxg7 18. f4 f6 19. Nc3 Rf7 20. b5 axb5 21. Nxb5 Nf8 22. f5 Ra8 23. Qc3 Ra5 24. h4 Bxb5 25. Rxb5 Rfa7 26. Rxa5 Rxa5 27. Rb1 Qd7 28. Rxb6 Ra7 29. g4 Qa4 30. Rb3 Nd7 31. g5 Qa6 32. Bh3 Nf8 33. Qb2 Rf7 34. gxf6+ Rxf6 35. Rb7+ Kg8 36. Qb6 Qxa3 37. Qc7 Qc1+ 38. Bf1 Qe3+ 39. Kh1 Qh6 40. Qe7 gxf5 41. Bh3 fxe4 42. Kh2 Qd2+ 43. Kh1 Qc1+ 44. Kh2 Qf4+ 45. Kh1 Rf7 46. Qxf7+ Qxf7 47. Rxf7 Kxf7 48. dxe4 Ng6 49. h5 Nf4 50. Bf5 h6 51. Kg1 Kf6 52. Kf2 Kg5 53. Ke3 Nxh5 54. Kd3 Ng3 55. Bd7 Kf4 56. Bc6 h5 57. Bd7 h4 58. Bc6 h3 0-1

[Event "Titled Tuesday intern op 12th Mar Early"]
[Site "Chess.com INT"]
[Date "2024.03.12"]
[Round "2"]
[White "San, Thit Lwin"]
[Black "Stankovic, Ivan G"]
[Result "0-1"]
[WhiteElo "2242"]
[BlackElo "2294"]
[PlyCount "74"]
[EventDate "2024.03.12"]
[EventType "swiss (blitz)"]
[EventRounds "11"]
[EventCountry "USA"]
[SourceTitle "CB12_2024"]
[SourceDate "2023.10.01"]
[SourceVersion "1"]
[SourceVersionDate "2023.10.01"]
[SourceQuality "1"]

1. Nf3 g6 2. c4 Bg7 3. d4 d6 4. Nc3 Nd7 5. e4 e5 6. Be2 Ne7 7. 0-0 0-0 8. Re1 h6 9. h3 f5 10. exf5 Nxf5 11. dxe5 dxe5 12. Nd5 c6 13. Ne3 Nd4 14. Ng4 h5 15. Nh6+ Kh8 16. Nxd4 exd4 17. Bd3 Ne5 18. Rxe5 Bxe5 19. Bxg6 Qf6 20. Nf7+ Rxf7 21. Bxf7 Qxf7 22. Bg5 Bf5 23. Qe2 Re8 24. Re1 Bh2+ 25. Kxh2 Rxe2 26. Rxe2 Qxc4 27. Re7 Kg8 28. Bf6 d3 29. Bc3 Qf4+ 30. Kg1 d2 31. Re8+ Kf7 32. Rd8 Be4 33. Bxd2 Qf5 34. Rb8 Qd7 35. Be3 Qd1+ 36. Kh2 Qd6+ 37. Bf4 Qxf4+ 0-1

[Event "Titled Tuesday intern op 12th Mar Early"]
[Site "Chess.com INT"]
[Date "2024.03.12"]
[Round "3"]
[White "Stankovic, Ivan G"]
[Black "Haug, Havard"]
[Result "1/2-1/2"]
[WhiteElo "2294"]
[BlackElo "2341"]
[PlyCount "107"]
[EventDate "2024.03.12"]
[EventType "swiss (blitz)"]
[EventRounds "11"]
[EventCountry "USA"]
[SourceTitle "CB12_2024"]
[SourceDate "2023.10.01"]
[SourceVersion "1"]
[SourceVersionDate "2023.10.01"]
[SourceQuality "1"]

1. e4 c6 2. d4 d5 3. e5 c5 4. dxc5 e6 5. Be3 Nd7 6. Bb5 Qc7 7. Nf3 Bxc5 8. Bxc5 Qxc5 9. Bd3 Qc7 10. Qe2 Ne7 11. 0-0 Ng6 12. Re1 Qb6 13. c4 Nf4 14. Qd2 Nxd3 15. Qxd3 Qxb2 16. Nc3 dxc4 17. Qxc4 0-0 18. Rab1 Nb6 19. Qd4 Qc2 20. Ne4 Bd7 21. Rxb6 axb6 22. Qxd7 Rad8 23. Qe7 Rd1 24. Ng3 h6 25. Qh4 Rc8 26. Qe4 Qxe4 27. Nxe4 Rd3 28. Kf1 Rc2 29. a4 Ra2 30. Nd6 Rxa4 31. Nxb7 Rc3 32. Rd1 Rc2 33. Ne1 Rb2 34. Nd3 Rc2 35. Nd6 Raa2 36. Ne4 Rc8 37. f3 Ra3 38. Ndf2 b5 39. g3 Rxf3 40. Rd7 Rb8 41. Kg2 Ra3 42. Nd6 b4 43. Nxf7 b3 44. Ng4 b2 45. Nfxh6+ Kf8 46. Nf6 gxf6 47. exf6 b1Q 48. Rf7+ Ke8 49. Re7+ Kd8 50. Nf7+ Kc8 51. Nd6+ Kd8 52. Nf7+ Kc8 53. Nd6+ Kd8 54. Nf7+ 1/2-1/2

[Event "Titled Tuesday intern op 23rd Jan Late"]
[Site "Chess.com INT"]
[Date "2024.01.23"]
[Round "4"]
[White "Akobian, Varuzhan"]
[Black "Stankovic, Ivan G"]
[Result "1-0"]
[WhiteElo "2571"]
[BlackElo "2294"]
[PlyCount "91"]
[EventDate "2024.01.23"]
[EventType "swiss (blitz)"]
[EventRounds "11"]
[EventCountry "USA"]
[SourceTitle "CB05_2024"]
[SourceDate "2024.01.31"]
[SourceVersion "1"]
[SourceVersionDate "2024.01.31"]
[SourceQuality "1"]

1. d4 d5 2. c4 c6 3. cxd5 cxd5 4. Nf3 Nf6 5. Nc3 a6 6. Bf4 Nc6 7. Rc1 Bf5 8. e3 h6 9. Ne5 Nxe5 10. dxe5 Ne4 11. Qxd5 Nxc3 12. Qxd8+ Rxd8 13. Rxc3 e6 14. a3 g5 15. Bg3 Bg7 16. Be2 0-0 17. f3 f6 18. e4 Bg6 19. Bc4 Bf7 20. exf6 Bxf6 21. Rc2 Bd4 22. Ke2 Rc8 23. Rhc1 Rfd8 24. b4 h5 25. h4 Bf6 26. hxg5 Bxg5 27. Rd1 h4 28. Be5 Rxd1 29. Kxd1 Kf8 30. Bb3 Rxc2 31. Kxc2 Ke7 32. Kd3 Bh5 33. Bd1 b5 34. Kc2 Be8 35. f4 Bf6 36. Bxf6+ Kxf6 37. Kd3 e5 38. Ke3 Bd7 39. Bh5 h3 40. gxh3 Bxh3 41. Be8 Bc8 42. Bc6 Ke6 43. Bd5+ Kd6 44. Kf3 exf4 45. Kxf4 Bd7 46. Bb7 1-0

[Event "Titled Tuesday intern op 23rd Jan Late"]
[Site "Chess.com INT"]
[Date "2024.01.23"]
[Round "11"]
[White "Stankovic, Ivan G"]
[Black "Cubas, Jose Fernando"]
[Result "0-1"]
[WhiteElo "2294"]
[BlackElo "2427"]
[PlyCount "90"]
[EventDate "2024.01.23"]
[EventType "swiss (blitz)"]
[EventRounds "11"]
[EventCountry "USA"]
[SourceTitle "CB05_2024"]
[SourceDate "2024.01.31"]
[SourceVersion "1"]
[SourceVersionDate "2024.01.31"]
[SourceQuality "1"]

1. e4 c5 2. c4 Nc6 3. Nc3 g6 4. g3 Bg7 5. Bg2 Nf6 6. Nge2 0-0 7. d3 Ne8 8. Be3 d6 9. d4 cxd4 10. Nxd4 Nc7 11. 0-0 Bd7 12. Rc1 Rc8 13. b3 a6 14. h3 Nxd4 15. Bxd4 Bxd4 16. Qxd4 Ne6 17. Qd2 b5 18. cxb5 axb5 19. Nd5 f6 20. f4 Nc5 21. f5 g5 22. h4 h6 23. hxg5 hxg5 24. g4 Kg7 25. Rc3 Bc6 26. Rfc1 Bxd5 27. Qxd5 b4 28. Rc4 Qb6 29. Qd4 Rb8 30. Bf3 Rh8 31. Kg2 Qa5 32. R1c2 Rh4 33. Kg3 Rbh8 34. Bg2 Qc7 35. Qd5 Qa7 36. Rxb4 Nd7 37. Qd4 Qxd4 38. Rxd4 Ne5 39. Rc7 Rxg4+ 40. Kf2 Rh2 41. Rxe7+ Kf8 42. Re6 Rgxg2+ 43. Kf1 Rf2+ 44. Ke1 Nf3+ 45. Kd1 Rh1# 0-1

[Event "Titled Tuesday intern op 29th Aug Early"]
[Site "Chess.com INT"]
[Date "2023.08.29"]
[Round "1"]
[White "Stankovic, Ivan G"]
[Black "Bryakin, Mikhail"]
[Result "0-1"]
[WhiteElo "2302"]
[BlackElo "2462"]
[PlyCount "70"]
[EventDate "2023.08.29"]
[EventType "swiss (blitz)"]
[EventRounds "11"]
[EventCountry "USA"]
[SourceTitle "EXT 2024"]
[Source "ChessBase"]
[SourceDate "2023.10.10"]
[SourceVersion "1"]
[SourceVersionDate "2023.10.10"]
[SourceQuality "1"]

1. e4 e6 2. d3 d5 3. Nd2 Ne7 4. Ngf3 g6 5. g3 Bg7 6. Bg2 0-0 7. 0-0 c5 8. Re1 Nbc6 9. c3 d4 10. c4 e5 11. Nh4 h6 12. Nf1 Kh7 13. a3 a5 14. Rb1 a4 15. Bd2 f5 16. exf5 gxf5 17. f4 e4 18. dxe4 fxe4 19. Bxe4+ Kh8 20. Qh5 Be6 21. Ng6+ Nxg6 22. Bxg6 Bxc4 23. f5 Kg8 24. Bxh6 Bxh6 25. Bh7+ Kxh7 26. Qg6+ Kh8 27. Qxh6+ Kg8 28. Qg6+ Kh8 29. Re4 Rf7 30. Rbe1 Qg8 31. Rh4+ Rh7 32. Rxh7+ Qxh7 33. Re8+ Rxe8 34. Qxe8+ Bg8 35. f6 Qf7 0-1

[Event "Titled Tuesday intern op 21st Mar Late"]
[Site "Chess.com INT"]
[Date "2023.03.21"]
[Round "1"]
[White "Gholami Orimi, Mahdi"]
[Black "Stankovic, Ivan G"]
[Result "1-0"]
[WhiteElo "2420"]
[BlackElo "2302"]
[PlyCount "37"]
[EventDate "2023.03.21"]
[EventType "swiss (blitz)"]
[EventRounds "11"]
[EventCountry "USA"]
[SourceTitle "EXT 2024"]
[Source "ChessBase"]
[SourceDate "2023.10.10"]
[SourceVersion "1"]
[SourceVersionDate "2023.10.10"]
[SourceQuality "1"]

1. d4 d5 2. c4 c6 3. Nf3 Nf6 4. Nc3 a6 5. c5 Nbd7 6. Bf4 Nh5 7. Be3 Qc7 8. g3 e5 9. Nxe5 Nxe5 10. dxe5 Qxe5 11. Bg2 Be7 12. Bd4 Qc7 13. 0-0 Nf6 14. e4 dxe4 15. Nxe4 Nxe4 16. Bxe4 0-0 17. Qh5 f5 18. Bc2 g6 19. Bb3+ 1-0

[Event "Titled Tuesday intern op 27th Dec Late"]
[Site "Chess.com INT"]
[Date "2022.12.27"]
[Round "6"]
[White "Slade, Theodore"]
[Black "Stankovic, Ivan G"]
[Result "0-1"]
[WhiteElo "2040"]
[BlackElo "2302"]
[PlyCount "112"]
[EventDate "2022.12.27"]
[EventType "swiss (blitz)"]
[EventRounds "11"]
[EventCountry "USA"]
[SourceTitle "EXT 2024"]
[Source "ChessBase"]
[SourceDate "2023.10.10"]
[SourceVersion "1"]
[SourceVersionDate "2023.10.10"]
[SourceQuality "1"]

1. d4 d5 2. c4 c6 3. Nc3 Nf6 4. e3 a6 5. Nf3 Bf5 6. Nh4 Bc8 7. Be2 h6 8. 0-0 g5 9. Nf3 Bf5 10. Bd3 Bxd3 11. Qxd3 Bg7 12. e4 dxe4 13. Nxe4 Nxe4 14. Qxe4 Nd7 15. Re1 Nf6 16. Qe2 e6 17. Be3 0-0 18. h4 g4 19. Ne5 h5 20. Rad1 Nd7 21. Bg5 Qc7 22. Nxg4 hxg4 23. Qxg4 f5 24. Qh5 Nf6 25. Bxf6 Rxf6 26. Re3 Qf7 27. Qf3 Rd8 28. Red3 Rh6 29. g3 Qh5 30. Qf4 Rg6 31. Qc7 Bf6 32. Qxb7 Bxh4 33. Qxc6 f4 34. Qg2 fxg3 35. fxg3 Bxg3 36. Rxg3 Qxd1+ 37. Kh2 Qh5+ 38. Kg1 Rxg3 39. Qxg3+ Kh8 40. Qf4 Rg8+ 41. Kf2 Qf5 42. Qxf5 exf5 43. Ke3 Rg4 44. c5 Kg7 45. c6 Kf6 46. b4 Ke6 47. a4 Kd6 48. b5 axb5 49. axb5 Rg1 50. Kf4 Rb1 51. Kxf5 Rxb5+ 52. Ke4 Kxc6 53. Ke3 Kd5 54. Kd3 Rb3+ 55. Kc2 Rb4 56. Kc3 Rxd4 0-1

[Event "Titled Tuesday intern op 29th Nov Early"]
[Site "Chess.com INT"]
[Date "2022.11.29"]
[Round "7"]
[White "Berezin, Viktor1111"]
[Black "Stankovic, Ivan G"]
[Result "1-0"]
[WhiteElo "2307"]
[BlackElo "2302"]
[PlyCount "83"]
[EventDate "2022.11.29"]
[EventType "swiss (blitz)"]
[EventRounds "11"]
[EventCountry "USA"]
[SourceTitle "EXT 2024"]
[Source "ChessBase"]
[SourceDate "2023.10.10"]
[SourceVersion "1"]
[SourceVersionDate "2023.10.10"]
[SourceQuality "1"]

1. Nf3 c5 2. g3 Nc6 3. Bg2 g6 4. 0-0 Bg7 5. c4 e5 6. Nc3 Nge7 7. d3 d6 8. Rb1 0-0 9. Ne1 Be6 10. Nc2 d5 11. cxd5 Nxd5 12. Ne3 Nde7 13. Qa4 Rc8 14. Nc4 b6 15. a3 f5 16. b4 e4 17. Nb5 Bxc4 18. dxc4 Nd4 19. Nxd4 cxd4 20. c5 bxc5 21. bxc5 Rxc5 22. Qxa7 Ra5 23. Qb7 Nd5 24. Bd2 Rxa3 25. Rb5 Nc3 26. Bxc3 dxc3 27. g4 Qa8 28. Qe7 Rf7 29. Qd6 Bf8 30. Qe6 Ra6 31. Qb3 Rc6 32. gxf5 gxf5 33. Rxf5 Qb7 34. Qxb7 Rxb7 35. Bxe4 c2 36. Bxc6 Rb1 37. Bd5+ Kg7 38. Rf7+ Kg6 39. Rc7 Rb2 40. Be4+ Kf6 41. Rxc2 Rb4 42. Bf3 1-0

[Event "Titled Tuesday intern op 29th Nov Early"]
[Site "Chess.com INT"]
[Date "2022.11.29"]
[Round "1"]
[White "Bortnyk, Olexandr"]
[Black "Stankovic, Ivan G"]
[Result "1-0"]
[WhiteElo "2604"]
[BlackElo "2302"]
[PlyCount "85"]
[EventDate "2022.11.29"]
[EventType "swiss (blitz)"]
[EventRounds "11"]
[EventCountry "USA"]
[SourceTitle "EXT 2024"]
[Source "ChessBase"]
[SourceDate "2023.10.10"]
[SourceVersion "1"]
[SourceVersionDate "2023.10.10"]
[SourceQuality "1"]

1. e4 c5 2. c3 Nf6 3. e5 Nd5 4. d4 cxd4 5. Nf3 d6 6. cxd4 Nc6 7. Bc4 Nb6 8. Bb5 a6 9. Bxc6+ bxc6 10. 0-0 Bg4 11. h3 Bh5 12. Qb3 Nd5 13. Nbd2 Rb8 14. Qa4 Qb6 15. exd6 exd6 16. Re1+ Be7 17. Nc4 Qc7 18. g4 Bg6 19. Qa5 Qd7 20. Bg5 0-0 21. Bxe7 Nxe7 22. Qxa6 Bd3 23. Nce5 dxe5 24. Qxd3 Rxb2 25. Nxe5 Qd5 26. Nc4 Rb4 27. Rac1 Ng6 28. Ne3 Qf3 29. Qc3 Rb6 30. Nf5 Qd5 31. Qc5 Ra6 32. Qxd5 cxd5 33. Rc2 Nf4 34. Kh2 Ne6 35. Re5 Rd8 36. Rxd5 Rxd5 37. Ne7+ Kf8 38. Nxd5 Ra8 39. Rd2 Rd8 40. Ne3 Nxd4 41. Kg2 Ke7 42. Rxd4 Rxd4 43. Nf5+ 1-0

[Event "Titled Tuesday intern op 29th Nov Early"]
[Site "Chess.com INT"]
[Date "2022.11.29"]
[Round "2"]
[White "Stankovic, Ivan G"]
[Black "Gatterer, Florian"]
[Result "1-0"]
[WhiteElo "2302"]
[BlackElo "2169"]
[PlyCount "69"]
[EventDate "2022.11.29"]
[EventType "swiss (blitz)"]
[EventRounds "11"]
[EventCountry "USA"]
[SourceTitle "EXT 2024"]
[Source "ChessBase"]
[SourceDate "2023.10.10"]
[SourceVersion "1"]
[SourceVersionDate "2023.10.10"]
[SourceQuality "1"]

1. e4 e5 2. d4 exd4 3. Qxd4 Nc6 4. Qe3 Nf6 5. Nc3 Bb4 6. Bd2 0-0 7. 0-0-0 Re8 8. f3 d5 9. Qf2 Bxc3 10. Bxc3 Qe7 11. exd5 Nb4 12. Bc4 Bf5 13. Bb3 a5 14. a3 Na6 15. Re1 Qd6 16. Ne2 a4 17. Bc4 Nxd5 18. Rd1 c6 19. Bxd5 cxd5 20. Nd4 Bg6 21. f4 Be4 22. Qg3 f6 23. Rhe1 Nc5 24. Bb4 b6 25. h4 Qd7 26. h5 h6 27. Bc3 Rac8 28. Kb1 b5 29. f5 Nb3 30. Rxe4 dxe4 31. cxb3 e3 32. Re1 Qe7 33. Ne6 Rxc3 34. bxc3 Qxa3 35. Qxg7# 1-0

[Event "Titled Tuesday intern op 15th Nov Early"]
[Site "Chess.com INT"]
[Date "2022.11.15"]
[Round "5"]
[White "Stankovic, Ivan G"]
[Black "Odegov, Artem"]
[Result "1-0"]
[WhiteElo "2302"]
[BlackElo "2286"]
[PlyCount "83"]
[EventDate "2022.11.15"]
[EventType "swiss (blitz)"]
[EventRounds "11"]
[EventCountry "USA"]
[SourceTitle "CBM 211 Extra"]
[Source "ChessBase"]
[SourceDate "2023.01.31"]
[SourceVersion "1"]
[SourceVersionDate "2023.01.31"]
[SourceQuality "1"]

1. e4 e6 2. d3 d5 3. Nd2 c5 4. g3 Nc6 5. Bg2 Nf6 6. Ngf3 Be7 7. 0-0 0-0 8. Re1 b5 9. e5 Nd7 10. Nf1 a5 11. h4 b4 12. N1h2 a4 13. a3 b3 14. c3 Ba6 15. h5 Qa5 16. Ng4 Qb5 17. Bf1 Rac8 18. h6 g6 19. Bf4 Qb6 20. Qd2 Nd8 21. Bg5 f6 22. exf6 Nxf6 23. Nfe5 Qd6 24. Bxf6 Bxf6 25. Nxf6+ Rxf6 26. Bh3 Nc6 27. d4 Na5 28. dxc5 Qxc5 29. Nd7 Qe7 30. Nxf6+ Qxf6 31. Bxe6+ Kf8 32. Bxc8 Bxc8 33. Qxd5 Nc6 34. Re3 Ne7 35. Qd8+ Kf7 36. Rxe7+ Qxe7 37. Qxc8 g5 38. Rd1 Kg6 39. Qd7 Qe4 40. Rd6+ Kh5 41. Qh3+ Qh4 42. g4# 1-0

[Event "Titled Tuesday intern op 15th Nov Early"]
[Site "Chess.com INT"]
[Date "2022.11.15"]
[Round "3"]
[White "Yu, Yangyi"]
[Black "Stankovic, Ivan G"]
[Result "1-0"]
[WhiteElo "2716"]
[BlackElo "2302"]
[PlyCount "71"]
[EventDate "2022.11.15"]
[EventType "swiss (blitz)"]
[EventRounds "11"]
[EventCountry "USA"]
[SourceTitle "CBM 211 Extra"]
[Source "ChessBase"]
[SourceDate "2023.01.31"]
[SourceVersion "1"]
[SourceVersionDate "2023.01.31"]
[SourceQuality "1"]

1. e4 c5 2. Nf3 Nc6 3. Bb5 g6 4. 0-0 Bg7 5. Bxc6 bxc6 6. c3 Nh6 7. d4 cxd4 8. cxd4 0-0 9. Nc3 f5 10. e5 Nf7 11. Re1 c5 12. dxc5 e6 13. Be3 Bb7 14. Bd4 g5 15. Nd2 g4 16. Nc4 Qh4 17. Nd6 Bc6 18. Nxf7 Rxf7 19. b4 a6 20. a4 f4 21. b5 axb5 22. axb5 Rxa1 23. Qxa1 Bxg2 24. Kxg2 Rf5 25. Qa8+ Bf8 26. Kh1 f3 27. Qe4 Bh6 28. Be3 Rh5 29. Bf4 Qxf2 30. Rg1 Bg7 31. Rxg4 Qf1+ 32. Rg1 Qf2 33. Bg3 Qb2 34. Qxf3 Rf5 35. Qa8+ Kf7 36. Nd1 1-0

[Event "Titled Tuesday intern op 14th Jun Early"]
[Site "Chess.com INT"]
[Date "2022.06.14"]
[Round "3"]
[White "Stankovic, Ivan G"]
[Black "Niekras, Dawid"]
[Result "0-1"]
[WhiteElo "2255"]
[BlackElo "2314"]
[PlyCount "82"]
[EventDate "2022.06.14"]
[EventType "swiss (blitz)"]
[EventRounds "11"]
[EventCountry "USA"]
[SourceTitle "EXT 2023"]
[Source "ChessBase"]
[SourceDate "2022.10.05"]
[SourceVersion "1"]
[SourceVersionDate "2022.10.05"]
[SourceQuality "1"]

1. e4 c5 2. c4 Nc6 3. Nc3 g6 4. g3 Bg7 5. Bg2 d6 6. Nge2 Nf6 7. d3 0-0 8. Rb1 Bg4 9. f3 Bd7 10. 0-0 Ne8 11. a3 a5 12. Be3 Nc7 13. d4 cxd4 14. Nxd4 Nxd4 15. Bxd4 Bxd4+ 16. Qxd4 Ne6 17. Qd3 Nc5 18. Qc2 a4 19. f4 Rc8 20. f5 Bc6 21. Rbd1 Qb6 22. Kh1 Qb3 23. Qe2 Nd7 24. fxg6 hxg6 25. Bh3 Rc7 26. Bxd7 Rxd7 27. Nd5 Bxd5 28. exd5 b5 29. cxb5 Rb7 30. Rd2 Qxb5 31. Qxb5 Rxb5 32. Rf4 Rfb8 33. Rxa4 Rxb2 34. Rad4 Rxd2 35. Rxd2 Rb1+ 36. Kg2 Ra1 37. Rd3 Kg7 38. Kf3 Kf6 39. h4 Ke5 40. Kg4 Ke4 41. Rf3 f5+ 0-1

[Event "Titled Tuesday intern op 07th Jun Early"]
[Site "Chess.com INT"]
[Date "2022.06.07"]
[Round "3"]
[White "Bortnyk, Olexandr"]
[Black "Stankovic, Ivan G"]
[Result "1-0"]
[WhiteElo "2604"]
[BlackElo "2255"]
[PlyCount "83"]
[EventDate "2022.06.07"]
[EventType "swiss (blitz)"]
[EventRounds "11"]
[EventCountry "USA"]
[SourceTitle "CBM 208 Extra"]
[Source "ChessBase"]
[SourceDate "2022.07.31"]
[SourceVersion "1"]
[SourceVersionDate "2022.07.31"]
[SourceQuality "1"]

1. d4 d5 2. Nc3 Nf6 3. Bf4 e6 4. Nb5 Na6 5. e3 c6 6. Nc3 Be7 7. Bxa6 bxa6 8. Nf3 c5 9. 0-0 0-0 10. Ne5 Bb7 11. Na4 cxd4 12. exd4 Rc8 13. c3 Qa5 14. b4 Qd8 15. Nc5 Bc6 16. Nxc6 Rxc6 17. Qa4 Qc8 18. f3 Nd7 19. Rfe1 Bd8 20. Rab1 a5 21. Kh1 axb4 22. cxb4 a5 23. b5 Nxc5 24. Qa3 Nd3 25. Qxd3 Rc3 26. Rec1 Rxd3 27. Rxc8 Bf6 28. Rxf8+ Kxf8 29. b6 Bxd4 30. b7 Ba7 31. b8Q+ Bxb8 32. Rxb8+ Ke7 33. Kg1 Rd4 34. Be5 Ra4 35. Rb7+ Ke8 36. Bxg7 Rxa2 37. h4 a4 38. g4 a3 39. Ra7 d4 40. Bxd4 Rd2 41. Be3 Re2 42. Rxa3 1-0

[Event "Titled Tuesday intern op 07th Jun Early"]
[Site "Chess.com INT"]
[Date "2022.06.07"]
[Round "11"]
[White "Gunduz, Umut Erdem"]
[Black "Stankovic, Ivan G"]
[Result "0-1"]
[WhiteElo "2364"]
[BlackElo "2255"]
[PlyCount "72"]
[EventDate "2022.06.07"]
[EventType "swiss (blitz)"]
[EventRounds "11"]
[EventCountry "USA"]
[SourceTitle "CBM 208 Extra"]
[Source "ChessBase"]
[SourceDate "2022.07.31"]
[SourceVersion "1"]
[SourceVersionDate "2022.07.31"]
[SourceQuality "1"]

1. e4 c5 2. Nf3 Nc6 3. d4 cxd4 4. Nxd4 g6 5. Nc3 Bg7 6. Be3 Nf6 7. f3 0-0 8. Qd2 d5 9. exd5 Nxd5 10. Nxc6 bxc6 11. Bd4 e5 12. Bc5 Rb8 13. 0-0-0 Qd7 14. Bxf8 Bxf8 15. Nxd5 cxd5 16. Qxd5 Qc7 17. Qc4 Qb6 18. Qc3 Be6 19. b3 Bh6+ 20. Kb1 Bg7 21. Qd3 Qa5 22. Qd6 Rc8 23. Ba6 Bf8 24. Qd3 Rc3 25. Qb5 Qc7 26. Rd2 Bh6 27. Rhd1 Rc5 28. Qb7 Qa5 29. Rd8+ Kg7 30. Bd3 Qc3 31. Qb8 Bg5 32. Rg8+ Kh6 33. Qf8+ Kh5 34. g4+ Kh4 35. Re1 Qxe1+ 36. Kb2 Qc1# 0-1

[Event "Titled Tuesday intern op 07th Jun Early"]
[Site "Chess.com INT"]
[Date "2022.06.07"]
[Round "5"]
[White "Stankovic, Ivan G"]
[Black "Sokolovsky, Yahli"]
[Result "0-1"]
[WhiteElo "2255"]
[BlackElo "2366"]
[PlyCount "132"]
[EventDate "2022.06.07"]
[EventType "swiss (blitz)"]
[EventRounds "11"]
[EventCountry "USA"]
[SourceTitle "CBM 208 Extra"]
[Source "ChessBase"]
[SourceDate "2022.07.31"]
[SourceVersion "1"]
[SourceVersionDate "2022.07.31"]
[SourceQuality "1"]

1. e4 g6 2. c4 Bg7 3. Nc3 c5 4. g3 Nc6 5. Bg2 d6 6. Nge2 Bd7 7. d3 Nf6 8. 0-0 Qc8 9. Rb1 Bh3 10. a3 h5 11. Bxh3 Qxh3 12. Nf4 Qd7 13. h4 0-0 14. b4 b6 15. Kg2 Ng4 16. Nfe2 f5 17. f3 Nge5 18. b5 Nd4 19. Nxd4 cxd4 20. Nd5 fxe4 21. fxe4 Rxf1 22. Qxf1 Rf8 23. Qe2 Ng4 24. Bg5 Rf2+ 25. Qxf2 Nxf2 26. Nxe7+ Kh7 27. Kxf2 Qh3 28. Rg1 Be5 29. Nd5 Qh2+ 30. Rg2 Qh1 31. Rg1 Qh2+ 32. Rg2 Qh3 33. Nf4 Qc8 34. Nd5 a6 35. Nxb6 Qb7 36. Nd5 axb5 37. cxb5 Qxb5 38. Nb4 Qa4 39. Bc1 Qb3 40. Rg1 Qc3 41. Rd1 d5 42. exd5 Bd6 43. Bd2 Qb3 44. Ke2 Qxa3 45. Nc6 Qa8 46. Rf1 Qe8+ 47. Kf3 Qf7+ 48. Kg2 Qxd5+ 49. Kh3 Qxc6 50. Rf6 Qd7+ 51. Kg2 Be5 52. Rf3 Qd5 53. Bg5 Kg7 54. Kf2 Qa2+ 55. Kg1 Qb1+ 56. Kg2 Qc2+ 57. Kg1 Qd1+ 58. Kg2 Qe2+ 59. Rf2 Qxd3 60. Ra2 Qe4+ 61. Kh2 Qb7 62. Re2 Qc7 63. Rg2 d3 64. Kh3 Bc3 65. Rf2 d2 66. Bxd2 Qd7+ 0-1

[Event "Titled Tuesday intern op 07th Jun Early"]
[Site "Chess.com INT"]
[Date "2022.06.07"]
[Round "7"]
[White "Stankovic, Ivan G"]
[Black "Thorhallsson, Simon"]
[Result "0-1"]
[WhiteElo "2255"]
[BlackElo "2171"]
[PlyCount "60"]
[EventDate "2022.06.07"]
[EventType "swiss (blitz)"]
[EventRounds "11"]
[EventCountry "USA"]
[SourceTitle "CBM 208 Extra"]
[Source "ChessBase"]
[SourceDate "2022.07.31"]
[SourceVersion "1"]
[SourceVersionDate "2022.07.31"]
[SourceQuality "1"]

1. e4 c5 2. c4 Nc6 3. Nc3 g6 4. g3 Bg7 5. Bg2 e6 6. Nge2 Nge7 7. d3 Nd4 8. Rb1 0-0 9. a3 a5 10. 0-0 Rb8 11. Nb5 Nxb5 12. cxb5 b6 13. d4 d6 14. a4 Bb7 15. Be3 e5 16. d5 f5 17. Qd2 fxe4 18. Nc3 Nf5 19. Nxe4 Nd4 20. Ng5 Bf6 21. Ne4 Qd7 22. Bg5 Bg7 23. Nc3 Nf3+ 24. Bxf3 Rxf3 25. Bh6 Rbf8 26. Bxg7 Kxg7 27. Ne4 Rd8 28. Ng5 Rf6 29. f4 h6 30. Ne4 Rf5 0-1

[Event "Titled Tuesday intern op 07th Jun Early"]
[Site "Chess.com INT"]
[Date "2022.06.07"]
[Round "1"]
[White "Stankovic, Ivan G"]
[Black "Wagner, Dennis"]
[Result "1-0"]
[WhiteElo "2255"]
[BlackElo "2584"]
[PlyCount "115"]
[EventDate "2022.06.07"]
[EventType "swiss (blitz)"]
[EventRounds "11"]
[EventCountry "USA"]
[SourceTitle "CBM 208 Extra"]
[Source "ChessBase"]
[SourceDate "2022.07.31"]
[SourceVersion "1"]
[SourceVersionDate "2022.07.31"]
[SourceQuality "1"]

1. e4 c5 2. c4 Nc6 3. Nc3 g6 4. g3 Bg7 5. Bg2 d6 6. d3 e6 7. Nge2 Nge7 8. Be3 Nd4 9. Rb1 0-0 10. a3 Rb8 11. 0-0 b6 12. b4 Bb7 13. Qd2 Qd7 14. Bh6 Bxh6 15. Qxh6 Nec6 16. b5 Ne5 17. Qe3 Nxe2+ 18. Qxe2 f5 19. f4 Ng4 20. h3 Nf6 21. g4 Rbe8 22. Rbe1 e5 23. fxe5 Rxe5 24. gxf5 gxf5 25. Rxf5 Rxf5 26. exf5 Re8 27. Ne4 Bxe4 28. dxe4 Qg7 29. Kh2 Kh8 30. Rg1 Rg8 31. Qf2 Qh6 32. Qb2 Rg7 33. Kh1 Kg8 34. e5 Nh5 35. Bd5+ Kf8 36. exd6 Rxg1+ 37. Kxg1 Qe3+ 38. Qf2 Qc1+ 39. Kh2 Qg5 40. Bf3 Qf4+ 41. Kg2 Nf6 42. Qg3 Qd2+ 43. Kf1 Qc1+ 44. Qe1 Qxc4+ 45. Qe2 Qxe2+ 46. Kxe2 Ke8 47. Bc6+ Kd8 48. Ke3 h6 49. Kf4 c4 50. Ke3 Nh5 51. Kd4 Ng3 52. f6 c3 53. Kxc3 Nf5 54. f7 Nxd6 55. f8Q+ Kc7 56. Qe7+ Kc8 57. Qxd6 h5 58. Qd7+ 1-0